000 00519nam a2200193Ia 4500
005 20250923145739.0
008 008 250917s9999 xx 000 0 eng d
037 _aTextual
040 _aDSWL
_beng
_cDSWL
041 _aeng
_2eng
084 _aY5.2, N86
_qDSWL
245 0 _aSocial stratification in India
_cEd. by K.L.Sharma
260 _aNew Delhi
_b Manohar
_c1986
300 _axxvi,343p.
365 _aINR
_b190.00
925 _g190.00
942 _cTEXL
_hY5.2, N86
999 _c1455163
_d1455163